Space exploration and the solar system (Record no. 2491)
[ view plain ]
| 000 -LEADER | |
|---|---|
| fixed length control field | 00906nam a2200205Ia 4500 |
| 003 - CONTROL NUMBER IDENTIFIER | |
| control field | IN-BaIIA |
| 008 - FIXED-LENGTH DATA ELEMENTS--GENERAL INFORMATION | |
| fixed length control field | 211028s9999 xx 000 0 eng d |
| 040 ## - CATALOGING SOURCE | |
| Transcribing agency | IIA Library |
| 080 ## - UNIVERSAL DECIMAL CLASSIFICATION NUMBER | |
| Universal Decimal Classification number | 063:53 |
| Item number | ENF-24 |
| 111 ## - MAIN ENTRY--MEETING NAME | |
| Meeting name or jurisdiction name as entry element | International School of Physics "Enrico Fermi" Course |
| Location of meeting | Varenna Sul Lago di Como, Villa Monastero |
| Date of meeting or treaty signing | 1962 June 4-16 |
| 9 (RLIN) | 4452 |
| 245 #0 - TITLE STATEMENT | |
| Title | Space exploration and the solar system |
| Remainder of title | proceedings of the international school of Physics "Enrico Fermi" course held in Varenna Sul Lago di Como, Villa Monastero |
| Statement of responsibility, etc. | edited by B. Rossi |
| 260 ## - PUBLICATION, DISTRIBUTION, ETC. | |
| Place of publication, distribution, etc. | New York |
| Name of publisher, distributor, etc. | Academic Press |
| Date of publication, distribution, etc. | 1964 |
| 300 ## - PHYSICAL DESCRIPTION | |
| Extent | 311p. |
| 490 ## - SERIES STATEMENT | |
| Series statement | Proceedings of the international school of Physics Enrico Fermi course v. 24 |
| 650 ## - SUBJECT ADDED ENTRY--TOPICAL TERM | |
| Topical term or geographic name entry element | Astronomy and Astrophysics thesaurus |
| 650 ## - SUBJECT ADDED ENTRY--TOPICAL TERM | |
| Topical term or geographic name entry element | Solar system |
| 650 ## - SUBJECT ADDED ENTRY--TOPICAL TERM | |
| Topical term or geographic name entry element | Space astronomy |
| 9 (RLIN) | 3005 |
| 700 ## - ADDED ENTRY--PERSONAL NAME | |
| Personal name | Rossi, B., ed. |
| 9 (RLIN) | 4453 |
| 942 ## - ADDED ENTRY ELEMENTS (KOHA) | |
| Koha item type | Books |
| Withdrawn status | Lost status | Damaged status | Not for loan | Home library | Current library | Shelving location | Date acquired | Cost, normal purchase price | Total Checkouts | Full call number | Barcode | Date last seen | Cost, replacement price | Price effective from | Koha item type | Purchase Price |
|---|---|---|---|---|---|---|---|---|---|---|---|---|---|---|---|---|
| IIA Library-Bangalore | IIA Library-Bangalore | General Stacks | 06/07/1965 | 58.50 | 063:53/ ENF-24 | 2778 | 05/11/2021 | 58.50 | 06/07/1965 | Books | Rs. 58.50 |